Error of law (Record no. 76807)

MARC details
000 -LEADER
fixed length control field 01216cab a2200193 4500
001 - CONTROL NUMBER
control field ##L133109
008 - FIXED-LENGTH DATA ELEMENTS--GENERAL INFORMATION
fixed length control field 060411n2006 000 0 eng u
035 ## - SYSTEM CONTROL NUMBER
System control number (Sirsi) u133109
041 0# - LANGUAGE CODE
Language code of text/sound track or separate title eng
245 00 - TITLE STATEMENT
Title Error of law
Remainder of title the grant of permission to appeal
260 ## - PUBLICATION, DISTRIBUTION, ETC.
Date of publication, distribution, etc. 2006
490 #0 - SERIES STATEMENT
Series statement Arbitration Law Monthly
Volume/sequential designation March 2006, 8-9(2)
520 ## - SUMMARY, ETC.
Summary, etc. The Arbitration Act 1996 s69 contains a restrictive procedure for the hearing of appeals against awards based on error of law. Although the criteria for the grant of permission to appeal are slightly wider than was the case under the Arbitration Act 1979, those criteria are strictly applied with the courts exercising vigilance to ensure that applications under s69 are not merely attempts by a party dissatisfied with an award to have the dispute reheard. In "Surefire Systems Ltd v Guardian ECL Ltd" ([2005] EWHC 1860, TCC, unreported) the court expressed its disapproval of the applicant's conduct in such a case.
590 ## - LOCAL NOTE (RLIN)
Local note IKA110406
650 24 - SUBJECT ADDED ENTRY--TOPICAL TERM
Topical term or geographic name entry element SUREFIRE SYSTEMS LTD V GUARDIAN ECL LTD
650 24 - SUBJECT ADDED ENTRY--TOPICAL TERM
Topical term or geographic name entry element ARBITRATION ACT 1996
690 ## - LOCAL SUBJECT ADDED ENTRY--TOPICAL TERM (OCLC, RLIN)
Topical term or geographic name as entry element MANAGEMENT-DISPUTE AVOIDANCE, MANAGEMENT AND RESOLUTION-DISPUTE MANAGEMENT AND RESOLUTION-ARBITRATION
942 ## - ADDED ENTRY ELEMENTS (KOHA)
Suppress in OPAC 0
Holdings
Withdrawn status Lost status Source of classification or shelving scheme Damaged status Not for loan Home library Current library Shelving location Date acquired Total Checkouts Full call number Barcode Date last seen Copy number Price effective from Koha item type
    Dewey Decimal Classification     London London Journal article 11/04/2006   L133109 133109-1001 06/08/2019 1 06/08/2019 Journal article